[Event "Challenge"]
[Site "http://www.queenalice.com/game.php?id=1159721"]
[Date "2013.3.10"]
[Round "-"]
[White "Bessi"]
[Black "Bernhardur"]
[Result "0-1"]
[WhiteElo "2025"]
[BlackElo "2281"]

1. e4 e5 2. Nf3 d6 3. d4 exd4 4. Nxd4 Nf6 5. Nc3 Be7 6. Be2 O-O 7. O-O c5 8. Nf3
Nc6 9. Bf4 a6 10. h3 b5 11. e5 dxe5 12. Bxe5 Nxe5 13. Nxe5 Bb7 14. a3 Qc7 15.
Nf3 Rad8 16. Qc1 h6 17. Qe3 Bd6 18. Qc1 Rfe8 19. Re1 Re7 20. b3 Rde8 21. Qd2 Ne4
22. Nxe4 Bxe4 23. a4 Bf4 24. Qc3 b4 25. Qc4 Bxf3 26. gxf3 a5 27. Rad1 Be5 28.
Bd3 Bh2+ 29. Kf1 Be5 30. Qe4 g6 31. Bc4 Kg7 32. Qg4 f5 33. Qg2 Bf4 34. Rxe7+
Qxe7 35. Bd3 h5 36. Kg1 Qe5 37. Bc4 Qc3 38. Bd3 Re7 39. h4 Qf6 40. Qh3 Rd7 41.
Kh1 c4 42. bxc4 b3 43. cxb3 Qd8 44. Rg1 Rxd3 0-1

[Event "OS INCLIVEIS"]
[Site "http://www.queenalice.com/game.php?id=1161715"]
[Date "2013.3.16"]
[Round "-"]
[White "adelio"]
[Black "Bessi"]
[Result "0-1"]
[WhiteElo "1738"]
[BlackElo "2020"]

1. f4 c5 2. Nf3 Nc6 3. e4 e5 4. d3 exf4 5. Bxf4 Qf6 6. e5 Qxf4 7. g3 Qf5 8. Qe2
b6 9. Nbd2 Bb7 10. Bg2 g6 11. O-O Bg7 12. Nc4 Bf8 13. Nd6+ Bxd6 14. exd6+ Qe6
15. Rae1 O-O-O 16. Qd2 Qxd6 17. c3 f5 18. a4 Nf6 19. Ne5 Nxe5 20. Bxb7+ Kxb7 21.
Qf4 Rhe8 22. a5 Qxd3 23. a6+ Kxa6 24. Rxe5 Rxe5 25. Qxe5 Ng4 26. Qf4 Qe2 27. Rf2
Nxf2 28. Qxf2 Qd1+ 29. Kg2 Re8 30. Qf4 Re2+ 31. Kh3 Rxb2 32. Qc4+ Kb7 33. g4
Qf3+ 34. Kh4 h6 35. gxf5 Rxh2# 0-1

[Event "Challenge"]
[Site "http://www.queenalice.com/game.php?id=1174676"]
[Date "2013.4.24"]
[Round "-"]
[White "Bessi"]
[Black "Aspayne"]
[Result "1-0"]
[WhiteElo "1995"]
[BlackElo "2037"]

1. e4 Nf6 2. Bc4 e6 3. Nc3 Nc6 4. Nf3 d5 5. exd5 exd5 6. Qe2+ Be6 7. Bb3 Qd7 8.
d4 Bb4 9. O-O O-O 10. Bg5 Rae8 11. Bxf6 gxf6 12. Qb5 Bg4 13. Bxd5 Bxc3 14. bxc3
a6 15. Qc5 Re2 16. h3 Bf5 17. Bxc6 bxc6 18. Rfe1 Rxc2 19. Re7 Qd6 20. Qxf5 1-0

[Event "Challenge"]
[Site "http://www.queenalice.com/game.php?id=1180572"]
[Date "2013.5.11"]
[Round "-"]
[White "Bernhardur"]
[Black "Bessi"]
[Result "1-0"]
[WhiteElo "2285"]
[BlackElo "2013"]

1. e4 e5 2. Nc3 Nc6 3. g3 Nf6 4. Bg2 Bc5 5. Na4 b6 6. Nxc5 bxc5 7. d3 h6 8. f4
O-O 9. c4 d6 10. f5 Nd4 11. Nf3 Rb8 12. O-O Kh7 13. Nxd4 g6 14. Nc6 1-0

[Event "AUTO-MASTER-1874"]
[Site "http://www.queenalice.com/game.php?id=1182106"]
[Date "2013.5.17"]
[Round "1"]
[White "Ridigroll"]
[Black "Bessi"]
[Result "1-0"]
[WhiteElo "1980"]
[BlackElo "2008"]

1. e4 e5 2. Nf3 Nc6 3. Bc4 Bc5 4. c3 Nf6 5. d4 exd4 6. cxd4 Bb4+ 7. Nc3 Nxe4 8.
O-O Nxc3 9. bxc3 Bxc3 10. Qb3 d5 11. Bxd5 O-O 12. Bg5 Nxd4 13. Nxd4 Qxg5 14.
Bxf7+ Rxf7 15. Qxc3 b6 16. Qc6 Bh3 17. Qxa8+ Rf8 18. f4 Qc5 19. Qe4 1-0

[Event "AUTO-MASTER-1874"]
[Site "http://www.queenalice.com/game.php?id=1182107"]
[Date "2013.5.17"]
[Round "1"]
[White "Bessi"]
[Black "Ridigroll"]
[Result "0-1"]
[WhiteElo "1991"]
[BlackElo "1997"]

1. d4 d5 2. c4 e6 3. Nf3 Nf6 4. cxd5 exd5 5. Nc3 c6 6. a3 Bf5 7. Bg5 Be7 8. Bxf6
Bxf6 9. e3 O-O 10. h3 Nd7 11. Bd3 Bxd3 12. Qxd3 b5 13. O-O a5 14. Rac1 Nb6 15.
b3 Qd6 16. a4 bxa4 17. bxa4 Nc4 18. Nd2 Nxd2 19. Qxd2 Rfb8 20. e4 dxe4 0-1

[Event "AUTO-MASTER-1874"]
[Site "http://www.queenalice.com/game.php?id=1182120"]
[Date "2013.5.17"]
[Round "1"]
[White "Bessi"]
[Black "MrGreen"]
[Result "0-1"]
[WhiteElo "1931"]
[BlackElo "2374"]

1. d4 d5 2. c4 e6 3. a3 Nf6 4. Bg5 c5 5. e3 cxd4 6. exd4 Be7 7. Nc3 O-O 8. Nf3
h6 9. Bh4 b6 10. Bxf6 Bxf6 11. cxd5 exd5 12. Be2 Nc6 13. O-O Qd6 14. h3 Bb7 15.
Qd3 a6 16. Bd1 Na5 17. Bc2 g6 18. h4 Nc4 19. Rab1 h5 20. b4 Nxa3 21. Nxd5 Nxb1
22. Nxf6+ Qxf6 23. Ne5 Be4 24. Qxe4 Nd2 25. Qb7 Nxf1 0-1

[Event "AUTO-MASTER-1874"]
[Site "http://www.queenalice.com/game.php?id=1182121"]
[Date "2013.5.17"]
[Round "1"]
[White "MrGreen"]
[Black "Bessi"]
[Result "1-0"]
[WhiteElo "2274"]
[BlackElo "1975"]

1. Nf3 Nf6 2. d4 d5 3. c4 e6 4. Nc3 c5 5. Bg5 cxd4 6. Nxd4 Bb4 7. cxd5 Bxc3+ 8.
bxc3 Qa5 9. Qb3 Nxd5 10. e4 Qxc3+ 11. Qxc3 Nxc3 12. Rc1 O-O 13. Rxc3 e5 14. Nb5
Na6 15. Nd6 b6 16. Nxc8 1-0

[Event "AUTO-MASTER-1874"]
[Site "http://www.queenalice.com/game.php?id=1182122"]
[Date "2013.5.17"]
[Round "1"]
[White "Bessi"]
[Black "sivip"]
[Result "0-1"]
[WhiteElo "1929"]
[BlackElo "2222"]

1. e4 c5 2. Nf3 d6 3. h3 Nf6 4. e5 dxe5 5. Nxe5 Nbd7 6. d4 cxd4 7. Qxd4 Qa5+ 8.
Nc3 Nxe5 9. b4 Nc6 10. Bb5 Qxb5 11. Nxb5 Nxd4 12. Nxd4 Bd7 13. O-O e6 14. a3 Rc8
15. Re1 Be7 16. Bb2 Nd5 17. Rac1 Bf6 18. c3 O-O 19. c4 Nf4 20. Ba1 Nd3 21. c5
Nxe1 22. Rxe1 Rfd8 0-1

[Event "AUTO-MASTER-1874"]
[Site "http://www.queenalice.com/game.php?id=1182123"]
[Date "2013.5.17"]
[Round "1"]
[White "sivip"]
[Black "Bessi"]
[Result "1-0"]
[WhiteElo "2225"]
[BlackElo "1909"]

1. e4 e5 2. Nf3 Nc6 3. Bb5 Nf6 4. d3 h6 5. O-O Bc5 6. Bxc6 bxc6 7. Nxe5 O-O 8.
Nc3 Bd4 9. Nf3 Bb6 10. a4 a5 11. Be3 d5 12. e5 Ng4 13. Bxb6 cxb6 14. h3 Nxe5 15.
Nxe5 Bxh3 16. Nxc6 Qg5 17. Qf3 Bd7 18. Qxd5 Bxc6 19. Qxc6 Rab8 20. Rfe1 Rfc8 21.
Qe4 Rc7 22. d4 Rbc8 23. Rad1 Rc6 24. d5 Rc4 25. Rd4 1-0

[Event "AUTO-ADV-2777"]
[Site "http://www.queenalice.com/game.php?id=1198714"]
[Date "2013.7.11"]
[Round "2"]
[White "axelsun"]
[Black "Bessi"]
[Result "1-0"]
[WhiteElo "1955"]
[BlackElo "1892"]

1. Nf3 d5 2. d4 Nf6 3. c4 c6 4. Nc3 h6 5. e4 dxe4 6. Ne5 e6 7. Qc2 Qxd4 8. Bf4
Bd6 9. Rd1 Qc5 10. Nxe4 Nxe4 11. Qxe4 Bxe5 12. Bxe5 O-O 13. Bd3 f5 14. Qe2 Nd7
15. Bf4 e5 16. Be3 Qb4+ 17. Qd2 Qxd2+ 18. Bxd2 Nf6 19. f3 c5 20. O-O Rd8 21. Bc3
Re8 22. Rfe1 b6 23. Bxe5 Kf7 24. Bc2 g6 25. Ba4 Re7 26. Bc6 Bb7 27. Bxb7 Rxb7
28. Rd6 Nh5 29. g4 fxg4 30. fxg4 1-0

[Event "AUTO-ADV-2777"]
[Site "http://www.queenalice.com/game.php?id=1198715"]
[Date "2013.7.11"]
[Round "2"]
[White "Bessi"]
[Black "axelsun"]
[Result "0-1"]
[WhiteElo "1906"]
[BlackElo "1968"]

1. e4 e5 2. Nf3 Nc6 3. Nc3 Nf6 4. Bc4 Bc5 5. Nd5 Nxe4 6. O-O O-O 7. d3 Nf6 8.
Bg5 Be7 9. Qd2 Nxd5 10. Bxd5 Bxg5 11. Nxg5 Nd4 12. c3 Nf5 13. f4 c6 14. Be4 d5
15. Bxf5 Bxf5 16. fxe5 Bxd3 17. Nxf7 Qb6+ 18. Qf2 Bxf1 19. Qxb6 axb6 20. e6 Bd3
21. Nd6 Rf6 22. Re1 Raf8 0-1

[Event "AUTO-ADV-3761"]
[Site "http://www.queenalice.com/game.php?id=1458324"]
[Date "2017.1.7"]
[Round "1"]
[White "Bessi"]
[Black "Zanocovsky"]
[Result "0-1"]
[WhiteElo "1957"]
[BlackElo "1909"]

1. e4 c5 2. d4 cxd4 3. Nf3 e6 4. Nxd4 Nf6 5. Nc3 a6 6. Bg5 Be7 7. Bd3 Nc6 8.
Bxf6 Bxf6 9. Nf3 O-O 10. Qe2 Nd4 11. Nxd4 Bxd4 12. O-O Bxc3 13. bxc3 b5 14. e5
f5 15. a4 Bb7 16. Qh5 Qc7 17. axb5 axb5 18. Rxa8 Rxa8 19. g4 Qc6 20. f3 Qxc3 21.
f4 Qc6 22. Qh3 Qc5+ 23. Rf2 Ra1+ 24. Bf1 Qd5 25. Rf3 fxg4 26. Qxg4 Qxf3 0-1

[Event "AUTO-ADV-3761"]
[Site "http://www.queenalice.com/game.php?id=1458325"]
[Date "2017.1.7"]
[Round "1"]
[White "Zanocovsky"]
[Black "Bessi"]
[Result "0-1"]
[WhiteElo "1947"]
[BlackElo "1932"]

1. e4 e5 2. Nf3 Nc6 3. Bc4 Nf6 4. d3 h6 5. O-O Bc5 6. Be3 d6 7. c3 O-O 8. Nbd2
Bb6 9. h3 Nh7 10. a4 Qf6 11. Re1 a6 12. Bxb6 cxb6 13. Nf1 Qg6 14. Ng3 Ng5 15.
Nh4 Qf6 16. Nh5 Nxh3+ 17. gxh3 Qxh4 18. Re3 Bxh3 19. Rg3 b5 20. Rxg7+ Kh8 21.
Qf3 bxc4 22. Qg3 Qxh5 0-1

[Event "AUTO-ADV-3761"]
[Site "http://www.queenalice.com/game.php?id=1458326"]
[Date "2017.1.7"]
[Round "1"]
[White "Bessi"]
[Black "mvson33"]
[Result "1-0"]
[WhiteElo "1879"]
[BlackElo "1720"]

1. d4 Nf6 2. c4 e6 3. Bg5 d5 4. Nf3 Be7 5. e3 b6 6. Nc3 Bb7 7. Bxf6 Bxf6 8. b3
dxc4 9. bxc4 O-O 10. Bd3 Nd7 11. Bc2 Be7 12. Qd3 c5 13. Qxh7# 1-0

[Event "AUTO-ADV-3761"]
[Site "http://www.queenalice.com/game.php?id=1458327"]
[Date "2017.1.7"]
[Round "1"]
[White "mvson33"]
[Black "Bessi"]
[Result "0-1"]
[WhiteElo "1738"]
[BlackElo "1949"]

1. e4 c5 2. Nf3 Nc6 3. Bc4 e6 4. O-O Nf6 5. Nc3 Bd6 6. a3 O-O 7. d3 h6 8. Be3
Ng4 9. h3 Nxe3 10. fxe3 a6 11. Ba2 Bc7 12. Qe1 Ne7 13. Na4 b6 14. Nc3 Ng6 15. d4
Bb7 16. dxc5 bxc5 17. Rd1 d6 18. Qf2 Bc6 19. Rd2 Rb8 20. Rfd1 Rxb2 21. Bb3 Ba5
22. Rxd6 Qc7 23. e5 Bxc3 24. R1d3 Nxe5 25. Rd1 Nxf3+ 26. gxf3 Rb8 27. Qg3 Qe7
28. Rxc6 Rd8 29. Rxd8+ Qxd8 30. Rd6 Rb1+ 31. Kh2 Qc7 32. Rd3 Be5 33. f4 c4 34.
Bxc4 Qxc4 35. fxe5 Qxc2+ 0-1

[Event "AUTO-ADV-3761"]
[Site "http://www.queenalice.com/game.php?id=1458328"]
[Date "2017.1.7"]
[Round "1"]
[White "Bessi"]
[Black "Pin"]
[Result "1-0"]
[WhiteElo "1889"]
[BlackElo "2046"]

1. d4 d5 2. c4 e6 3. cxd5 exd5 4. Nc3 Nf6 5. Nf3 c6 6. Bg5 Be7 7. e3 Be6 8. Bd3
Nbd7 9. O-O O-O 10. Bc2 Re8 11. Qd3 Nf8 12. h3 N6d7 13. h4 Nf6 14. e4 dxe4 15.
Nxe4 Bd5 16. Ng3 h6 17. Bf4 Bd6 18. Qf5 Qc7 19. Bxh6 Be6 20. Qg5 Ng6 21. Bxg6
fxg6 22. Qxg6 Ng4 23. Rae1 Nxh6 24. Rxe6 Rxe6 25. Qxe6+ Kh8 26. Nf5 Nxf5 27.
Qxf5 Rf8 28. Qh5+ Kg8 29. Ng5 g6 30. Qxg6+ 1-0

[Event "AUTO-ADV-3761"]
[Site "http://www.queenalice.com/game.php?id=1458329"]
[Date "2017.1.7"]
[Round "1"]
[White "Pin"]
[Black "Bessi"]
[Result "0-1"]
[WhiteElo "2024"]
[BlackElo "1911"]

1. e4 c5 2. Nf3 Nc6 3. Bb5 a6 4. Bxc6 dxc6 5. O-O Bg4 6. Nc3 Nf6 7. d3 h6 8. h3
Bh5 9. g4 Bg6 10. Ne2 Qd7 11. Ne5 Qe6 12. Nxg6 fxg6 13. Nf4 Qf7 14. c3 O-O-O 15.
Qa4 g5 16. Ng2 Rxd3 17. Be3 h5 18. Rad1 c4 19. Qa5 hxg4 20. Rxd3 cxd3 21. Rd1
gxh3 22. Rxd3 h2+ 23. Kh1 Nd7 24. Bb6 Qc4 25. Rd1 Qe2 26. Qa4 Nxb6 27. Qd4 Kb8
28. Re1 Qxb2 29. Qd8+ Ka7 30. Rd1 Qxf2 31. Rb1 e6 32. Qc7 Bc5 0-1

[Event "AUTO-ADV-3761"]
[Site "http://www.queenalice.com/game.php?id=1494953"]
[Date "2017.9.17"]
[Round "2"]
[White "Bebeto"]
[Black "Bessi"]
[Result "0-1"]
[WhiteElo "2095"]
[BlackElo "1956"]

1. e4 e5 2. Nf3 Nc6 3. Bb5 Nf6 4. O-O Bc5 5. d3 O-O 6. Bxc6 dxc6 7. Bg5 h6 8.
Bh4 Bg4 9. Nbd2 b5 10. h3 Bxf3 11. Qxf3 Qd6 12. Bxf6 Qxf6 13. Qxf6 gxf6 14. Nf3
Kh7 15. c3 Rg8 16. Kh1 Rg7 17. Nh4 Rag8 18. g3 b4 19. c4 Bd4 20. Rab1 c5 21. Nf5
Rg5 22. Nxd4 cxd4 23. b3 f5 24. exf5 Rxf5 25. Kh2 Rf3 26. Rbd1 Rg5 27. Kg2 Rf6
28. Rde1 h5 29. h4 Rgf5 30. f3 a5 31. Re4 c5 32. Ree1 Ra6 0-1

[Event "AUTO-ADV-3761"]
[Site "http://www.queenalice.com/game.php?id=1494954"]
[Date "2017.9.17"]
[Round "2"]
[White "Bessi"]
[Black "Bebeto"]
[Result "1-0"]
[WhiteElo "1978"]
[BlackElo "2073"]

1. e4 e5 2. Nf3 Nc6 3. Bc4 Nf6 4. O-O Be7 5. Nc3 O-O 6. d3 h6 7. a3 d6 8. b4 a6
9. h3 b5 10. Ba2 Bb7 11. Nh4 Nh7 12. Nf5 Bg5 13. Qg4 Nf6 14. Qg3 Nh5 15. Qf3
Bxc1 16. Raxc1 Qg5 17. Nd5 Nf4 18. Nxc7 Rac8 19. Nd5 Nxd5 20. Bxd5 Nd4 21. Nxd4
Bxd5 22. exd5 exd4 23. Qg3 Qxg3 24. fxg3 Rc3 25. Rf4 Rxa3 26. Rxd4 Rc8 27. c4
Rb3 28. c5 dxc5 29. bxc5 a5 30. d6 b4 31. d7 Rd8 32. c6 Rc3 33. Rxc3 bxc3 34. c7
1-0

[Event "AUTO-ADV-3761"]
[Site "http://www.queenalice.com/game.php?id=1494957"]
[Date "2017.9.17"]
[Round "2"]
[White "Bessi"]
[Black "roserl"]
[Result "0-1"]
[WhiteElo "1998"]
[BlackElo "1926"]

1. e4 c5 2. Nf3 e6 3. c4 Nc6 4. Nc3 a6 5. d4 cxd4 6. Nxd4 Nf6 7. a3 Be7 8. Nxc6
bxc6 9. Bd3 d6 10. O-O O-O 11. b3 Qc7 12. Qf3 Bb7 13. Qg3 e5 14. f4 exf4 15.
Bxf4 Rfd8 16. Rad1 Qb6+ 17. Kh1 Bc8 18. Bc2 Nh5 19. Qd3 Nxf4 20. Rxf4 g6 21.
Rdf1 Be6 22. Qf3 Rf8 23. Re1 Bg5 24. h4 Bxf4 25. Qxf4 Rad8 26. h5 Qc5 27. e5
dxe5 28. Qf6 Rfe8 29. h6 Qf8 30. Qh4 Rd4 31. Qh2 f6 32. Ne4 Bf5 33. g4 Bxg4 34.
Nc5 Bc8 35. b4 Rxc4 36. Bb3 Qf7 37. Qa2 Qd5+ 0-1

[Event "AUTO-ADV-3761"]
[Site "http://www.queenalice.com/game.php?id=1494958"]
[Date "2017.9.17"]
[Round "2"]
[White "roserl"]
[Black "Bessi"]
[Result "0-1"]
[WhiteElo "1952"]
[BlackElo "1939"]

1. e4 e5 2. Nf3 Nc6 3. Bb5 Nf6 4. O-O Bc5 5. c3 O-O 6. d4 exd4 7. cxd4 Bb6 8.
Nc3 h6 9. e5 Nh7 10. Ne4 a6 11. Ba4 f6 12. Bb3+ Kh8 13. Nh4 Qe8 14. Qg4 g5 15.
Nf5 Qg6 16. Be3 d5 17. Neg3 fxe5 18. Bc2 e4 0-1